Hội thảo khuyến ngư ở ĐBSCL
Hội thảo thảo luận về những nội dung cơ bản của công tác khuyến nông nói chung và khuyến ngư nói riêng, cũng như các biện pháp tiến hành và hiệu quả thiết thực của các biện pháp đó.
Sparad:
| Institutionella upphovsmän: | , |
|---|---|
| Materialtyp: | Bok |
| Språk: | Undetermined |
| Publicerad: |
Cần Thơ
Trường Đại học Cần Thơ
1997
|
| Ämnen: | |
| Taggar: |
Lägg till en tagg
Inga taggar, Lägg till första taggen!
|
| Thư viện lưu trữ: | Trung tâm Học liệu Trường Đại học Cần Thơ |
|---|
| LEADER | 00918nam a2200205Ia 4500 | ||
|---|---|---|---|
| 001 | CTU_38878 | ||
| 008 | 210402s9999 xx 000 0 und d | ||
| 082 | |a 639.3 | ||
| 082 | |b Tr561 | ||
| 110 | |a Trường Đại học Cần Thơ | ||
| 110 | |b Khoa Nông nghiệp | ||
| 245 | 0 | |a Hội thảo khuyến ngư ở ĐBSCL | |
| 245 | 0 | |c Trường Đại học Cần Thơ. Khoa Nông nghiệp | |
| 260 | |a Cần Thơ | ||
| 260 | |b Trường Đại học Cần Thơ | ||
| 260 | |c 1997 | ||
| 520 | |a Hội thảo thảo luận về những nội dung cơ bản của công tác khuyến nông nói chung và khuyến ngư nói riêng, cũng như các biện pháp tiến hành và hiệu quả thiết thực của các biện pháp đó. | ||
| 650 | |a Fisheries | ||
| 904 | |i Thanh | ||
| 980 | |a Trung tâm Học liệu Trường Đại học Cần Thơ | ||